ბათუმის შოთა რუსთაველის სახელმწიფო უნივერსიტეტის ბიბლიოთეკა

ლაბორატორიული სამუშაოები მასალათმცოდნეობაში : (ბიბ.ჩანაწერი № 39204)

000 -ლიდერი
ფიქსირებული სიგრძის საკონტროლო ველი 00941nam a2200217Ia 4500
001 - საკონტროლო ნომერი
საკონტროლო ველი 5790
003 - საკონტროლო ნომრის იდენტიფიკატორი
საკონტროლო ველი GE_BSU
005 - ბოლო ოპერაციის თარიღი და დრო
საკონტროლო ველი 20190523152235.0
008 - ფიქსირებული სიგრძის მონაცემთა ელემენტები - ზოგადი ინფორმაცია
ფიქსირებული სიგრძის საკონტროლო ველი 181216s1984||||ge |||||||||||||| ||geo||
040 ## - კატალოგიზაციის წყარო
Transcribing agency GE_BSU
041 ## - ენის კოდი
Language code of text/sound track or separate title geo
080 ## - უნივერსალური ათობითი კლასიფიკაციის ინდექსი
Universal Decimal Classification number 669.002(076) მ-46
100 ## - მთავარი ჩანაწერი - პიროვნების სახელი
Personal name მეძმარიაშვილი, მ.
9 (RLIN) 1531
245 ## - ცნობა სათაურის შესახებ
Title ლაბორატორიული სამუშაოები მასალათმცოდნეობაში :
Remainder of title დამხმ.სახელმძღვ. /
Statement of responsibility, etc მ. მეძმარიაშვილი ; რედ. მ. ძიძიგური.
264 ## - წარმოების, გამოცემის, დისტრიბუციის და სხვა ცნობები
გამოცემის, წარმოების, დისტრიბუციის... ადგილი თბილისი :
გამოცემის, წარმოების, დისტრიბუციის... სახელწოდება სპი,
გამოცემის, წარმოების, დისტრიბუციის... თარიღი 1984.
300 ## - ფიზიკური აღწერა
Extent 141 გვ. :
Other physical details ილ.;
Dimensions 20 სმ.
504 ## - BIBLIOGRAPHY, ETC. NOTE
Bibliography, etc ბიბლიოგრ. : გვ. 140.
653 ## - INDEX TERM--UNCONTROLLED
Uncontrolled term მასალათმცოდნეობა
700 ## - ADDED ENTRY--PERSONAL NAME
Personal name ძიძიგური, მ.
Relator term რედაქტორი
9 (RLIN) 472
942 ## - ADDED ENTRY ELEMENTS (KOHA)
Koha item type წიგნი
Source of classification or shelving scheme
ეგზემპლარები
ჩამოწერის სტატუსი დაკარგული ეგზემპლარის სტატუსი კლასიფიკაციის წყარო ან თაროზე გაწყობის სქემა დაზიანების სტატუსი არ გაიცემა მუდმივი მდებარეობა (დაცვის ადგილი) ამჟამინდელი ადგილსამყოფელი თაროზე განთავსების ადგილი შეძენის თარიღი ღირებულება, შესყიდვის ნორმალური ფასი სრული შენახვის შიფრი შტრიხკოდი ბოლო ოპერაციის თარიღი ეგზემპლარის მიმდევრობითი ნომერი (კეტერი?) ფასის ძალაში შესვლის თარიღი ეგზემპლარის სახეობა საჯარო შენიშვნა
          ტექნოლოგიური ფაკულტეტის ბიბლიოთეკა ტექნოლოგიური ფაკულტეტის ბიბლიოთეკა წიგნსაცავი 2018-12-17 0.42 669.002(076) მ-46 11957 2018-12-17 11957 2018-12-17 წიგნი 0.42 ლ.
          ტექნოლოგიური ფაკულტეტის ბიბლიოთეკა ტექნოლოგიური ფაკულტეტის ბიბლიოთეკა წიგნსაცავი 2018-12-17 0.42 669.002(076) მ-46 11958 2018-12-17 11958 2018-12-17 წიგნი 0.42 ლ.
          ტექნოლოგიური ფაკულტეტის ბიბლიოთეკა ტექნოლოგიური ფაკულტეტის ბიბლიოთეკა წიგნსაცავი 2018-12-17 0.42 669.002(076) მ-46 11959 2018-12-17 11959 2018-12-17 წიგნი 0.42 ლ.